00377nam a2200109 4500008001000000082001500010100001800025245001600043260004700059300003000106650013100136708 S243z a708bS243z aSayago, Paula aZoológica aQuitobCentro Cultural Metropolitanoc2009 a22 p.bill. (col)c21 x21 xarte cotemporáneoxarte - exhibicionesxarte - catálogo de exhibicónxarte - esculturaxarte - pinturaxarte - animales